000
00320nam a2200133Ia 4500
003
SEM
008
141116s9999 xx 000 0 und d
100
_a
Նշանյան Աննա
245
_a
Երգը յուշերուս
260
_a
Կանադա
260
_c
2003
300
_a
300+ 2 սկավառ.
942
_2
udc
_c
BK
999
_c
47922
_d
47922